[Event "ICS Rated blitz match"]
[Site "207.99.83.227"]
[Date "1999.05.05"]
[Round "?"]
[White "Hossa"]
[Black "JudgeTurpin"]
[Result "0-1"]
[WhiteElo "2388"]
[BlackElo "2669"]
[Annotator "Crafty v16.6"]
[PlyCount "101"]

{annotating for player ossa using a scoring margin of +0.20 pawns. search time
limit is 20.00} 1. e4 1... c5 2. Nf3 e6 3. b3 d6 4. Nc3 Nf6 5. Bb5+ Bd7 6. Be2
Bc6 7. d3 b5 8. O-O Nbd7 9. d4 ({8:-0.27} 9. d4 9... b4 10. e5 bxc3 11. exf6
Qxf6 12. Bg5 12... Qf5 $10) ({8:+0.17} 9. a3 9... Be7 10. d4 Nxe4 11. Nxe4 Bxe4
12. dxc5 Bf6 13. Rb1 $10) 9... Nxe4 10. Nxe4 Bxe4 11. dxc5 Bxf3 12. Bxf3 d5 13.
b4 Qh4 14. Rb1 ({8:+0.69} 14. Rb1 14... Be7 15. Qe2 O-O 16. Qxb5 Ne5 17. Qe2
Nxf3+ 18. Qxf3 18... f5 $14) ({8:+1.25} 14. Bxd5 14... Rd8 15. Qe2 Be7 16. Be4
O-O 17. Re1 17... Bf6 $16) 14... Ne5 15. Bh5 Nc4 16. Re1 Qe7 17. Qe2 O-O-O 18.
Kh1 g6 19. Bf3 Qf6 20. a4 bxa4 21. Rd1 Bg7 22. Rd3 Qe5 23. Qd1 Rhe8 24. b5 Bf8
25. c6 a3 26. c3 Bd6 27. g3 Kc7 28. Bf4 Qf5 29. Bg4 Qf6 30. Bxd6+ Rxd6 31. Rf3
Qe7 32. Qa4 Kb8 33. Re1 f5 34. Bh3 e5 35. Qa6 Ka8 36. Bf1 Rb8 37. Be2 e4 38.
Bxc4 dxc4 39. Rfe3 Rd2 40. f3 Qc5 41. fxe4 fxe4 42. c7 Qxc7 43. Rxe4 Qb6 44.
Rxc4 Qxb5 45. Qxb5 Rxb5 46. Rc7 a2 47. Rc8+ Kb7 48. Rc4 a5 49. Re7+ Kb8 50.
Re8+ Ka7 51. Re7+ 0-1

[Event "ICS Rated blitz match"]
[Site "207.99.83.227"]
[Date "1999.05.05"]
[Round "?"]
[White "StrongBach"]
[Black "Hossa"]
[Result "0-1"]
[WhiteElo "1908"]
[BlackElo "2383"]
[PlyCount "132"]

1. d4 Nf6 2. c3 d5 3. Nf3 e6 4. b3 Bd6 5. Ba3 Bxa3 6. Nxa3 O-O 7. Nb5 Ne4 8.
Qd3 c6 9. Na3 Qa5 10. Nb1 b6 11. Ne5 f6 12. Ng4 e5 13. b4 Qa4 14. h3 Ba6 15.
Qe3 Qc2 16. Na3 Qxc3+ 17. Qxc3 Nxc3 18. dxe5 Re8 19. b5 cxb5 20. exf6 b4 21.
fxg7 Kxg7 22. Rc1 Nxe2 23. Rc7+ Kg6 24. Ne3 Ng3 25. Bxa6 Nxa6 26. Rc6+ Kf7 27.
Rg1 bxa3 28. Rc3 Nc5 29. fxg3 d4 30. Rxa3 Rxe3+ 31. Rxe3 dxe3 32. Ke2 Re8 33.
Rf1+ Kg6 34. Rf3 Na4 35. a3 Nc3+ 36. Kf1 Nb1 37. Ke2 Nxa3 38. Rxe3 Rxe3+ 39.
Kxe3 a5 40. h4 a4 41. Kd3 Nb5 42. Kd2 Kf5 43. h5 Ke5 44. g4 a3 45. Kc2 Nd4+ 46.
Kb1 Kf4 47. g5 Kxg5 48. Ka1 b5 49. g3 Kxh5 50. Kb1 b4 51. Ka2 b3+ 52. Kxa3 b2
53. Kxb2 Kg4 54. Kc3 Nf3 55. Kd3 h5 56. Kc4 Kxg3 57. Kd3 h4 58. Kc3 h3 59. Kc4
h2 60. Kc3 h1=Q 61. Kc4 Qc1+ 62. Kd5 Kf4 63. Kd6 Ne5 64. Ke6 Qc7 65. Kd5 Qc6+
66. Kd4 66... Qc4# {StrongBach checkmated} 0-1

[Event "ICS Rated bullet match"]
[Site "207.99.83.227"]
[Date "1999.05.05"]
[Round "?"]
[White "Hossa"]
[Black "xypher"]
[Result "1/2-1/2"]
[WhiteElo "2459"]
[BlackElo "2687"]
[PlyCount "209"]

1. e4 e5 2. f4 Bc5 3. Qh5 Nc6 4. fxe5 g6 5. Qf3 Bxg1 6. Rxg1 Qh4+ 7. g3 Nxe5 8.
Qh1 Qxh2 9. Be2 Qxh1 10. Rxh1 d6 11. d4 Nc6 12. Be3 Nf6 13. Nc3 Ng4 14. Bg1 Bd7
15. O-O-O Nb4 16. a3 Na6 17. Rf1 h5 18. Nd5 Rc8 19. e5 Be6 20. Bxg4 Bxd5 21.
Rh2 Ra8 22. exd6 O-O 23. Be2 cxd6 24. Rf6 Rad8 25. Be3 Nc7 26. Bg5 Rfe8 27. Kb1
Ne6 28. Be3 Nc5 29. Bf3 Bxf3 30. Rxf3 Ne4 31. d5 b6 32. a4 Rc8 33. a5 bxa5 34.
Bxa7 Re5 35. Rd3 f5 36. Ka2 Kf7 37. Ka3 Nf6 38. Bb6 Nxd5 39. Bxa5 f4 40. Rf2
Ke7 41. Bd2 fxg3 42. Rxg3 Rxc2 43. Rxg6 Ne3 44. b3 Ng4 45. Rg7+ Ke6 46. Rg6+
Kd5 47. Rg2 Kc6 48. Rg8 Kb7 49. R2xg4 hxg4 50. Bf4 Ra5+ 51. Kb4 Rd5 52. Rxg4
Rd3 53. Ka3 Rcc3 54. Ka2 Rxb3 55. Bxd6 Kc6 56. Be5 Kc5 57. Rd4 Re3 58. Rd2 Kb4
59. Bd4 Ra3+ 60. Kb2 Rf3 61. Be5 Rae3 62. Bd6+ Kc4 63. Ka2 Kc3 64. Rb2 Kd4 65.
Rd2+ Ke4 66. Kb1 Rc3 67. Rc2 Rcd3 68. Re2+ Kd5 69. Be5 Rd1+ 70. Kc2 Rg1 71. Bc3
Rgg3 72. Rd2+ Kc4 73. Be5 Rg4 74. Kb2 Re4 75. Bd6 Rb3+ 76. Kc2 Rc3+ 77. Kb2 Re6
78. Ka2 Rce3 79. Kb2 Rb3+ 80. Kc1 Rc3+ 81. Kb2 Rf6 82. Kb1 Rf1+ 83. Kb2 Rb3+
84. Kc2 Rff3 85. Be5 Rbe3 86. Rd4+ Kb5 87. Bd6 Re2+ 88. Rd2 Re4 89. Rd3 Rf2+
90. Kb3 Rf5 91. Rc3 Rd5 92. Bc7 Re2 93. Ka3 Rd1 94. Rb3+ Kc4 95. Rb4+ Kc5 96.
Rb8 Rd7 97. Bf4 Rf7 98. Rc8+ Kb5 99. Rb8+ Ka5 100. Bd6 Ka6 101. Kb3 Ka7 102.
Rb5 Re6 103. Bc5+ Ka6 104. Ka4 Rf3 105. Ra5+ {Game drawn by the 50 move rule}
1/2-1/2

[Event "ICS Rated blitz match"]
[Site "207.99.83.227"]
[Date "1999.05.05"]
[Round "?"]
[White "coffeeisgood"]
[Black "Hossa"]
[Result "0-1"]
[WhiteElo "2032"]
[BlackElo "2385"]
[PlyCount "32"]

1. c4 Nf6 2. Nc3 e5 3. g3 Bb4 4. Bg2 O-O 5. Nf3 d6 6. O-O Nc6 7. Nd5 Nxd5 8.
cxd5 Ne7 9. a3 Ba5 10. Ne1 c6 11. dxc6 Nxc6 12. b4 Bb6 13. Bb2 Qg5 14. Nf3 Qg4
15. h3 Qxg3 16. e3 16... Qg6 {coffeeisgood resigns} 0-1

[Event "ICS Rated bullet match"]
[Site "207.99.83.227"]
[Date "1999.05.05"]
[Round "?"]
[White "xypher"]
[Black "Hossa"]
[Result "1/2-1/2"]
[WhiteElo "2678"]
[BlackElo "2468"]
[PlyCount "100"]

1. e4 e5 2. Nf3 Nf6 3. d4 exd4 4. e5 Ne4 5. Qxd4 f5 6. exf6 Nxf6 7. Be2 Nc6 8.
Qe3+ Be7 9. Qg5 O-O 10. O-O d5 11. Nc3 Be6 12. Qe3 Bf5 13. Qd2 Qd7 14. Bb5 Rae8
15. Re1 Bd6 16. Rxe8 Rxe8 17. Qd1 Bb4 18. Bd2 Qf7 19. Ne2 Bc5 20. b4 Bb6 21.
Bxc6 bxc6 22. Ned4 Bd7 23. a4 Ne4 24. Be1 Bxd4 25. Nxd4 c5 26. bxc5 Nxc5 27.
Nb5 Re4 28. Nc3 Re5 29. Qd4 Qe7 30. Bd2 Bc6 31. Be3 Ne4 32. Nxe4 Rxe4 33. Qxa7
Rc4 34. Qb8+ Kf7 35. a5 Rxc2 36. a6 Qe5 37. Rf1 Kg6 38. Qc8 h5 39. Qd8 Ra2 40.
a7 Ra1 41. h3 Rxf1+ 42. Kxf1 Qa1+ 43. Ke2 Qa2+ 44. Bd2 Qxa7 45. Qg5+ Kh7 46.
Qf5+ Kh8 47. Qf8+ Kh7 48. Qf5+ Kh8 49. Qf8+ Kh7 50. Qf5+ 50... Kh8 {
Game drawn by repetition} 1/2-1/2

[Event "ICS rated blitz match"]
[Site "207.99.83.227"]
[Date "1999.05.05"]
[Round "?"]
[White "Hossa"]
[Black "MissSilicon"]
[Result "1-0"]
[WhiteElo "2389"]
[BlackElo "2547"]
[PlyCount "93"]

1. e4 d5 2. exd5 Qxd5 3. Nc3 Qa5 4. Nf3 Bf5 5. Bb5+ c6 6. Bc4 Nd7 7. O-O b5 8.
Bb3 b4 9. Ne2 Nc5 10. d4 Nxb3 11. cxb3 Qd5 12. Nf4 Qd6 13. Be3 Nf6 14. Ne5 g5
15. Ne2 h6 16. Rc1 Rc8 17. Ng3 Be6 18. Rc5 Bd5 19. f4 Nd7 20. Nf5 Qe6 21. Nxd7
Qxd7 22. Ng3 e5 23. Nh5 Kd8 24. Nf6 Qe6 25. dxe5 Bxc5 26. Bxc5 gxf4 27. Bxa7
Ra8 28. Qd4 Kc8 29. Rc1 Rd8 30. Qb6 Rxa7 31. Nxd5 Qxd5 32. Rxc6+ Qxc6 33. Qxc6+
Rc7 34. Qxh6 Rc2 35. Qa6+ Kc7 36. h4 Rd1+ 37. Kh2 Rdd2 38. Kh3 Rxb2 39. Qc4+
Kd8 40. Qxb4 Rxa2 41. Qf8+ Kc7 42. Qxf7+ Kc6 43. Qxf4 Kd5 44. Qf6 Rxg2 45. Qf3+
Kxe5 46. Qxg2 Rxg2 47. Kxg2 {MissSilicon resigns} 1-0

[Event "ICS Rated blitz match"]
[Site "207.99.83.227"]
[Date "1999.05.05"]
[Round "?"]
[White "MissSilicon"]
[Black "Hossa"]
[Result "1-0"]
[WhiteElo "2524"]
[BlackElo "2412"]
[Annotator "Crafty v16.6"]
[PlyCount "102"]

{annotating for player ossa using a scoring margin of +0.20 pawns. search time
limit is 20.00} 1. c4 1... g6 2. d4 Bg7 3. Nc3 c5 4. dxc5 Bxc3+ ({9:-0.33} 4...
Bxc3+ 5. bxc3 Qa5 6. Qd4 Nf6 7. Bg5 Nc6 8. Qe3 Ne4 9. Bxe7 Nxe7 10. Qxe4 10...
Qxc3+ $14) ({9:-0.10} 4... Qa5 5. Bd2 Qxc5 6. Na4 Qf5 7. Nf3 Nc6 8. c5 8... Nf6
$10) 5. bxc3 Nf6 ({9:-1.11} 5... Nf6 6. Bh6 Qa5 7. Qc2 Qxc5 8. Bg7 Rg8 9. Bxf6
exf6 10. Qd3 $16) ({9:-0.33} 5... Qa5 6. Qd4 Nf6 7. Bg5 Nc6 8. Qe3 Ne4 9. Bxe7
Nxe7 10. Qxe4 10... Qxc3+ $14) 6. Bh6 Rg8 ({9:-1.51} 6... Rg8 7. Qd4 Qa5 8. Bg5
Ne4 9. Bxe7 Nxc3 10. Bd6 Nxa2+ 11. Kd1 $18) ({9:-0.88} 6... Qa5 7. Qd3 Qxc5 8.
Bg7 Rg8 9. Bxf6 exf6 10. Nf3 Ke7 11. Qe4+ 11... Kf8 $16) 7. f3 Na6 8. c6 bxc6 (
{9:-0.69} 8... bxc6 9. e4 Qa5 10. Ne2 Bb7 11. Qd4 Qh5 12. Rb1 Qh4+ 13. Ng3 $14)
({9:-0.09} 8... dxc6 9. Qxd8+ Kxd8 10. e4 g5 11. O-O-O+ Kc7 12. h4 gxh4 13. Be3
Bd7 14. Bf4+ Kb6 15. Rxh4 $10) 9. g4 Qa5 10. Qc2 d6 ({10:-0.23} 10... d6 11.
Nh3 Be6 12. e4 Qc5 13. Qd3 13... O-O-O $10) ({10:+0.07} 10... g5 11. h4 gxh4
12. e3 d6 13. Ne2 Be6 14. Nd4 Qc5 15. Nxe6 fxe6 16. Rxh4 $10) 11. e4 Qe5 ({
9:-0.49} 11... Qe5 12. Be3 h5 13. gxh5 Nxh5 14. Ne2 Nc5 15. Bd4 Qg5 16. Qd1 $14
) ({9:+0.20} 11... g5 12. h4 gxh4 13. Rxh4 Qc5 14. Nh3 Bb7 15. Bd3 O-O-O 16.
O-O-O $10) 12. g5 Nb4 13. Qc1 Nxe4 14. cxb4 Ng3+ 15. Kf2 Nxh1+ 16. Kg2 Nf2 17.
Kxf2 Qxh2+ 18. Bg2 e5 19. Ne2 Be6 20. f4 Bh3 21. Qh1 Qxg2+ 22. Qxg2 Bxg2 23.
Kxg2 Ke7 24. a4 f5 25. b5 cxb5 26. axb5 Rgc8 27. Ra4 Kf7 28. Kf2 Kg8 29. Nc3
exf4 30. Nd5 Kf7 31. Kf3 Ke6 32. b6 Rxc4 33. Rxc4 Kxd5 34. b7 Rb8 35. Rc7 a5
36. Bg7 a4 37. Bb2 Ke6 38. Kxf4 Kd5 39. Kg3 Ke4 40. Rxh7 Kd5 41. Rc7 Ke4 42.
Ba3 Ke5 43. Rd7 Ke6 44. Rxd6+ Ke5 45. Rb6 Kd5 46. Kf4 Kd4 47. Bd6 Re8 48. b8=Q
Rxb8 49. Bxb8 Kc4 50. Rxg6 Kb5 51. Rf6 a3 1-0

[Event "ICS Rated blitz match"]
[Site "207.99.83.227"]
[Date "1999.05.05"]
[Round "?"]
[White "Hossa"]
[Black "MissSilicon"]
[Result "0-1"]
[WhiteElo "2401"]
[BlackElo "2535"]
[Annotator "Crafty v16.6"]
[PlyCount "75"]

{annotating for player ossa using a scoring margin of +0.20 pawns. search time
limit is 20.00} 1. e4 1... e5 2. f4 Nf6 3. fxe5 Nxe4 4. Nf3 d5 5. d3 Nc5 6. Be2
Ne6 7. O-O ({9:-0.69} 7. O-O 7... Nc6 8. d4 g5 9. Be3 g4 10. Ne1 g3 11. hxg3
$15) ({9:-0.12} 7. Nc3 7... Nc6 8. Nb5 Bc5 9. c3 a6 10. d4 O-O 11. dxc5 $10)
7... d4 8. Nbd2 Qd5 9. Ne4 Nc6 10. c4 dxc3 11. bxc3 Nxe5 12. Nxe5 Qxe5 13. Qb3
f5 14. Ng3 f4 15. Ne4 Nc5 16. Qc4 Nxe4 17. dxe4 Be6 18. Qa4+ Bd7 19. Bxf4 Qxc3
20. Qd1 O-O-O 21. Rc1 Bc5+ 22. Kh1 Qa3 23. Qc2 b6 24. e5 Kb8 25. Bg5 Ba4 26.
Qc4 Rd4 27. Qf7 Rd7 28. Qe6 h6 29. Bf4 Rf8 30. Rf3 Qb2 31. Bxh6 Qxe2 32. Rxf8+
Bxf8 33. h4 Rd1+ 34. Rxd1 Qxd1+ 35. Kh2 gxh6 36. Qf6 Bc5 37. Qh8+ Kb7 38. Qxh6
0-1

[Event "ICS Rated blitz match"]
[Site "207.99.83.227"]
[Date "1999.05.05"]
[Round "?"]
[White "MissSilicon"]
[Black "Hossa"]
[Result "1-0"]
[WhiteElo "2545"]
[BlackElo "2391"]
[Annotator "Crafty v16.6"]
[PlyCount "118"]

{annotating for player ossa using a scoring margin of +0.20 pawns. search time
limit is 20.00} 1. d4 1... Nf6 2. c4 c5 3. d5 d6 4. Nc3 g6 5. g3 Bg7 6. e4 O-O
7. f3 e5 ({9:+0.12} 7... e5 8. Nge2 Nbd7 9. Bg5 Nb6 10. Qd3 h6 11. Be3 11...
Bd7 $10) ({9:+0.41} 7... Nbd7 8. Nh3 Ne5 9. Ng5 h6 10. f4 Neg4 11. h3 hxg5 12.
hxg4 12... gxf4 $15) 8. Nb5 a6 9. Nc3 Nbd7 10. Bd3 Nb6 11. h3 Nh5 12. Nge2 f5
13. exf5 Bxf5 14. a4 Qf6 15. a5 Bxd3 16. Qxd3 Nxc4 17. Qxc4 Qxf3 18. Rg1 Qf2+
19. Kd1 Nf6 20. Qb3 Rfb8 21. Qb6 Bf8 22. Bg5 Nd7 23. Qc7 Qf5 24. h4 b6 25. g4
Qf7 26. axb6 Rxb6 27. Kc2 Rab8 28. b3 R8b7 29. Qd8 Rxb3 30. Rgf1 Qg7 31. Rxa6
Rb2+ 32. Kd1 Rb8 33. Qc7 R2b7 34. Qc6 h6 35. Bd2 Rb6 36. Rxb6 Nxb6 37. g5 h5
38. Qb5 Nd7 39. Qd3 Rb2 40. Kc1 Rb3 41. Kc2 Ra3 42. Ng3 Be7 43. Qb5 Ra7 44. Qc6
Bf8 45. Nge4 Qe7 46. Nb5 Ra2+ 47. Kb3 Rxd2 48. Nxd2 Nb8 49. Qc8 Nd7 50. Ne4 c4+
51. Kc2 Nb6 52. Rxf8+ Qxf8 53. Nf6+ Kg7 54. Qb7+ Qf7 55. Qxb6 Qe7 56. Nxd6 e4
57. Qb8 Qxf6 58. Qb7+ Qe7 59. Qxe7+ Kg8 1-0

[Event "ICS Rated blitz match"]
[Site "207.99.83.227"]
[Date "1999.05.05"]
[Round "?"]
[White "Hossa"]
[Black "MissSilicon"]
[Result "0-1"]
[WhiteElo "2382"]
[BlackElo "2554"]
[Annotator "Crafty v16.6"]
[PlyCount "135"]

{annotating for player ossa using a scoring margin of +0.20 pawns. search time
limit is 20.00} 1. e4 1... e6 2. d4 d5 3. Nd2 c5 4. Ngf3 Nc6 5. exd5 exd5 6.
Be2 ({8:+0.40} 6. Be2 6... cxd4 7. O-O Bd6 8. Re1 Kf8 9. Nb3 9... Bb4 $14) ({
8:+0.62} 6. Bb5 6... Qe7+ 7. Be2 Nxd4 8. Nxd4 cxd4 9. O-O Nh6 10. Re1 10... Bf5
$14) 6... c4 7. O-O Bd6 8. b3 cxb3 9. axb3 Bf5 10. c4 Bb4 11. cxd5 Qxd5 12. Bc4
Qd6 13. Bb2 Qf6 14. Ra2 Qh6 15. d5 Nce7 16. Qa1 Kf8 17. Ba3 Bxa3 18. Rxa3 a6
19. Qe5 Rd8 20. Qc7 Qd6 21. Qxd6 Rxd6 22. Nd4 Bg6 23. Nb5 Rd8 24. Nc3 Nf6 25.
Rd1 b5 26. Rxa6 bxc4 27. bxc4 Bd3 28. Rda1 Nc8 29. Ra8 Nd7 30. Na4 Re8 31. c5
Bc2 32. Nb2 Bf5 33. Nb3 Nf6 34. d6 Be4 35. R8a5 Bd5 36. Nd4 Re4 37. R5a4 h5 38.
f3 Re3 39. Rb4 Rc3 40. Na4 Re3 41. Rc1 h4 42. Nc3 Rh5 43. Ne4 Bxe4 44. fxe4
Rxe4 45. Rb8 Re8 46. Rb7 Rd5 47. Nb5 Rd2 48. Nc3 Kg8 49. h3 Rd3 50. Nb5 Rd2 51.
Nc3 g6 52. Rb4 Re5 53. Nb1 Rdd5 54. Rb8 Re8 55. Rb7 Rd3 56. Nc3 Kg7 57. Rb4 Re5
58. Rc4 Rd2 59. Kh2 Rg5 60. Kh1 Rgxg2 61. Rxh4 Nd7 62. Na4 Ne5 63. Rf4 Nd3 64.
Rcc4 Ne1 65. Rxf7+ Kxf7 66. Rf4+ Kg8 67. Rf8+ Kxf8 68. Nb6 0-1

[Event "ICS Rated blitz match"]
[Site "207.99.83.227"]
[Date "1999.05.05"]
[Round "?"]
[White "Hossa"]
[Black "Lefkas"]
[Result "1-0"]
[WhiteElo "2373"]
[BlackElo "1976"]
[PlyCount "121"]

1. e4 g6 2. Nf3 Bg7 3. d4 d6 4. Bb5+ Bd7 5. Be2 Nf6 6. Nc3 O-O 7. O-O a6 8. Bg5
Nc6 9. Qd2 Re8 10. d5 Nb8 11. Bh6 Bh8 12. Qg5 Bg4 13. h3 Bxf3 14. Bxf3 Nbd7 15.
Rae1 Ne5 16. Be2 e6 17. f4 Ned7 18. Bf3 exd5 19. exd5 Rxe1 20. Rxe1 Ne8 21. Kh1
Qxg5 22. fxg5 Ne5 23. Be2 Ng7 24. g4 Ne8 25. Rf1 Bg7 26. Ne4 Bxh6 27. gxh6 b5
28. g5 Rc8 29. c3 c6 30. Nf6+ Nxf6 31. Rxf6 cxd5 32. Rxd6 Nc4 33. Bxc4 dxc4 34.
Rxa6 Kf8 35. Rb6 Rc5 36. h4 Re5 37. b3 cxb3 38. axb3 Rc5 39. Kg2 Rxc3 40. Rxb5
Ke7 41. Rb6 Rc2+ 42. Kg3 Rb2 43. b4 Kd7 44. Rf6 Ke7 45. Rf4 Ke6 46. Kf3 Rb3+
47. Ke2 Rh3 48. Kd2 Ke5 49. Rxf7 Rxh4 50. Rxh7 Kf5 51. b5 Rb4 52. Rf7+ Kxg5 53.
h7 Rh4 54. Kd3 Rh3+ 55. Ke4 Rh4+ 56. Ke5 Rh1 57. b6 Re1+ 58. Kd6 Rd1+ 59. Ke7
Re1+ 60. Kf8 Rh1 61. b7 {Lefkas resigns} 1-0

[Event "ICS Rated blitz match"]
[Site "207.99.83.227"]
[Date "1999.05.05"]
[Round "?"]
[White "Hossa"]
[Black "Diepeveen"]
[Result "1/2-1/2"]
[WhiteElo "2374"]
[BlackElo "2335"]
[PlyCount "31"]

1. e4 e5 2. f4 exf4 3. Nf3 g5 4. Bc4 Bg7 5. g3 d6 6. gxf4 g4 7. Ng5 h6 8. Nxf7
Qh4+ 9. Ke2 g3 10. hxg3 Qxg3 11. f5 Qg2+ 12. Kd3 Qg3+ 13. Ke2 Qg2+ 14. Kd3 Qg3+
15. Ke2 Qg2+ 16. Kd3 {Game drawn by repetition} 1/2-1/2

[Event "ICS Rated blitz match"]
[Site "207.99.83.227"]
[Date "1999.05.05"]
[Round "?"]
[White "Hossa"]
[Black "Diepeveen"]
[Result "1-0"]
[WhiteElo "2372"]
[BlackElo "2337"]
[PlyCount "57"]

1. e4 e5 2. f4 exf4 3. Nf3 g5 4. h4 g4 5. Ne5 Nf6 6. Bc4 d5 7. exd5 Bd6 8. Bb5+
Kf8 9. d4 Nh5 10. O-O Qxh4 11. Bxf4 Bxe5 12. Bxe5 g3 13. Rf3 f6 14. Bxc7 Bg4
15. Nd2 Qh2+ 16. Kf1 Qh1+ 17. Ke2 Qxg2+ 18. Ke3 Bxf3 19. Qxf3 Qxf3+ 20. Nxf3 a6
21. Bd3 Kf7 22. Rh1 Ng7 23. Bxg3 Nd7 24. Rxh7 Rxh7 25. Bxh7 f5 26. Be5 Rh8 27.
Ng5+ Kf8 28. Bd6+ Ke8 29. Bg6+ {Diepeveen resigns} 1-0

[Event "ICS Rated blitz match"]
[Site "207.99.83.227"]
[Date "1999.05.05"]
[Round "?"]
[White "Hossa"]
[Black "Diepeveen"]
[Result "1-0"]
[WhiteElo "2386"]
[BlackElo "2323"]
[Annotator "Fritz 5.32 (30s)"]
[PlyCount "43"]

1. e4 1... e5 {Opening = C37 - 3.Nf3 g5 (4.Bc4 ---)} 2. f4 exf4 3. Nf3 g5 4.
Bc4 g4 5. Ne5 Qh4+ 6. Kf1 Nc6 7. Nxf7 Bc5 8. Qe1 g3 9. Nxh8 Bf2 10. Qd1 $146 (
10. Qe2 Nf6 11. h3 Nd4 12. Qd3 Ng4 13. Bf7+ Kf8 14. Qa3+ d6 15. Qa4 (15. Qa5
Nh2+ 16. Rxh2 16... gxh2 {0-1 Pennington-Sheckells/Portland Oregon 1981 (16)})
15... Nh2+ 16. Rxh2 16... gxh2 {0-1 Pennington-Sheckells/Portland 1981 (16)}) (
10. Bxg8 Bxe1 11. h3 f3 12. Bf7+ 12... Kf8 $19) 10... Nf6 (10... Nh6 11. Nc3
Ng4 12. Nd5 Nxh2+ 13. Ke2 $18) 11. h3 d6 12. Nc3 (12. c3 Ng4 13. d4 Nh2+ 14.
Ke2 Qf6 15. Bf7+ 15... Ke7 $18) 12... Ne5 (12... Bg4 13. Be2 13... Be6 $18) 13.
Be2 $14 (13. Bb5+ Ke7 14. d4 $18) 13... Bg4 $4 $18 (13... Nfg4 14. Bf3 Nh2+ 15.
Ke2 15... Nhxf3 $17) 14. Nd5 (14. d4 f3 15. dxe5 fxe2+ 16. Nxe2 16... dxe5 $18)
14... Nxd5 $2 (14... O-O-O 15. Nxf4 Bxe2+ 16. Qxe2 16... Qxf4 $11) 15. Bxg4 (
15. exd5 f3 16. Bxf3 Nxf3 17. gxf3 g2+ 18. Kxg2 Qg3+ 19. Kf1 Bxf3 20. Qe2+
Bxe2+ 21. Kxe2 21... O-O-O $19) 15... Nf6 16. Bf5 Ke7 17. d4 Rxh8 18. dxe5 dxe5
19. c3 Rd8 20. Qf3 Kf7 21. Ke2 Qh6 22. Rd1 (22. Rd1 Qf8 23. Rxd8 Qxd8 24. Bd2
$18) 1-0

[Event "ICS Rated blitz match"]
[Site "207.99.83.227"]
[Date "1999.05.05"]
[Round "?"]
[White "bookbuilder"]
[Black "Hossa"]
[Result "1-0"]
[WhiteElo "2629"]
[BlackElo "2399"]
[Annotator "Crafty v16.6"]
[PlyCount "108"]

{annotating for player ossa using a scoring margin of +0.20 pawns. search time
limit is 20.00} 1. e4 1... e5 2. Nf3 Nf6 3. Nxe5 d6 4. Nc4 Nxe4 5. Qe2 Qe7 6.
d3 Nf6 7. Nc3 d5 8. Ne5 Nbd7 ({8:-0.51} 8... Nbd7 9. Bf4 d4 10. Nb5 Nd5 11.
Nxd7 Kxd7 12. Qxe7+ Bxe7 13. Be5 Bb4+ 14. Kd1 $14) ({8:-0.27} 8... Qe6 9. Nf3
Be7 10. Bf4 O-O 11. O-O-O Qxe2 12. Bxe2 12... Na6 $10) 9. Nf3 Qxe2+ 10. Bxe2
Bb4 11. Bf4 c5 12. a3 Ba5 13. O-O O-O 14. Nb5 Re8 15. Bd1 Re7 16. b4 a6 17. Nc7
Bxc7 18. Bxc7 b6 19. bxc5 bxc5 20. Nh4 Ra7 21. Nf5 Re6 22. Bd6 Kh8 23. Rb1 Rb7
24. Rxb7 Bxb7 25. Bg3 Ne5 26. Nd6 Rxd6 27. Bxe5 Rb6 28. Re1 Re6 29. f4 d4 30.
Kf2 h5 31. f5 Rb6 32. Bxf6 Rxf6 33. Re5 g6 34. Rxc5 h4 35. Bf3 Bxf3 36. Kxf3
Rxf5+ 37. Rxf5 gxf5 38. Kf4 a5 39. Kxf5 a4 40. Ke4 h3 41. gxh3 Kg7 42. Kxd4 Kf8
43. c4 f5 44. Ke5 Ke7 45. Kxf5 Kd7 46. h4 Ke7 47. h5 Kf7 48. h6 Kf8 49. Kg6 Kg8
50. c5 Kf8 51. h7 Ke7 52. h8=Q Kd7 53. Qh7+ Kc6 54. Qe7 Kb5 1-0

[Event "ICS rated blitz match"]
[Site "207.99.83.227"]
[Date "1999.05.05"]
[Round "?"]
[White "UBet"]
[Black "Hossa"]
[Result "1/2-1/2"]
[WhiteElo "2253"]
[BlackElo "2392"]
[PlyCount "136"]

1. e4 e5 2. Nf3 Nf6 3. Nxe5 d6 4. Nf3 Nxe4 5. d4 d5 6. Bd3 Bb4+ 7. c3 Bd6 8. h3
O-O 9. Nbd2 Bf5 10. Nf1 Re8 11. Ne3 c5 12. O-O Be6 13. dxc5 Nxc5 14. Bc2 Nc6
15. Bd2 Ne4 16. a3 Bc5 17. Re1 Qf6 18. Qe2 Rad8 19. Rad1 a6 20. Bc1 Ne5 21.
Nxe5 Qxe5 22. Bxe4 dxe4 23. Rxd8 Rxd8 24. Ng4 Qd5 25. Be3 Bxe3 26. Nxe3 Qb3 27.
Rd1 Rxd1+ 28. Qxd1 Qxd1+ 29. Nxd1 Bb3 30. Ne3 g6 31. Kf1 f5 32. g3 a5 33. h4 h5
34. Ke1 b5 35. Kd2 Kf7 36. Ng2 Kf6 37. Ke3 a4 38. Kd4 g5 39. hxg5+ Kxg5 40. Ke5
Kg4 41. Ne3+ Kf3 42. Nxf5 Kxf2 43. Kf4 Bf7 44. Ne3 Bg6 45. Nd5 Be8 46. Ne3 Bc6
47. Nf5 Ba8 48. Ne3 Ke2 49. Nf5 Kd2 50. Ne3 Kc1 51. c4 bxc4 52. Nxc4 Bd5 53.
Nb6 Bb3 54. Kxe4 Kxb2 55. Kf4 Kxa3 56. g4 h4 57. g5 Be6 58. g6 Kb4 59. Nxa4
Kxa4 60. g7 h3 61. Kg3 Bg8 62. Kxh3 Bh7 63. Kg4 Bg8 64. Kg5 Bh7 65. Kf6 Kb4 66.
Ke7 Bg8 67. Kf8 Bh7 68. g8=Q 68... Bxg8 {
Game drawn because neither player has mating material} 1/2-1/2

[Event "ICS rated blitz match"]
[Site "207.99.83.227"]
[Date "1999.05.05"]
[Round "?"]
[White "Hossa"]
[Black "UBet"]
[Result "1-0"]
[WhiteElo "2386"]
[BlackElo "2257"]
[PlyCount "73"]

1. e4 e5 2. f4 Nc6 3. Ne2 d6 4. d4 exd4 5. Nxd4 Nxd4 6. Qxd4 Nf6 7. Nc3 Be7 8.
Bd2 O-O 9. O-O-O Bg4 10. Re1 Nd7 11. Nd5 Nb6 12. Nxe7+ Qxe7 13. Re3 f6 14. Rg3
Bh5 15. Bd3 Kh8 16. Ba5 Rfe8 17. Qf2 Bf7 18. Qe2 d5 19. Qg4 g6 20. exd5 Nxd5
21. Qh4 f5 22. Qh6 Qf8 23. Qxf8+ Rxf8 24. Bd2 a5 25. Bb5 c6 26. Bf1 Nb4 27. a3
Nd5 28. h4 Kg7 29. h5 Kf6 30. c4 Nb6 31. Re3 Be8 32. Bc3+ Kf7 33. hxg6+ Kxg6
34. Be2 h6 35. Rg3+ Kf7 36. Rg7+ Ke6 37. Rxh6+ {UBet resigns} 1-0

[Event "ICS rated blitz match"]
[Site "207.99.83.227"]
[Date "1999.05.05"]
[Round "?"]
[White "Hossa"]
[Black "Byzantine"]
[Result "1-0"]
[WhiteElo "2396"]
[BlackElo "2053"]
[PlyCount "87"]

1. e4 c6 2. d4 d5 3. e5 Na6 4. Nf3 Bf5 5. Be2 e6 6. O-O Qb6 7. a4 Nb4 8. Na3 a5
9. c3 Na6 10. Nh4 Bg6 11. Bg4 Bxa3 12. Rxa3 Ne7 13. Bg5 c5 14. Bxe7 Kxe7 15.
Rb3 Qc7 16. Be2 Rhc8 17. Bxa6 Rxa6 18. dxc5 Rc6 19. Nxg6+ hxg6 20. Rb5 Rxc5 21.
Rxc5 Qxc5 22. Qb3 Rc7 23. Ra1 Qc4 24. Qb6 Qc5 25. Qxc5+ Rxc5 26. f3 f6 27. Ra3
fxe5 28. Rb3 Rc7 29. Rb5 Kd6 30. Rxa5 d4 31. Rb5 g5 32. h3 Kc6 33. Rxe5 d3 34.
Rxe6+ Kd5 35. Re4 Rc4 36. Re3 Rxa4 37. Rxd3+ Ke6 38. b3 Ra3 39. c4 b6 40. Kh2
Ra5 41. b4 Re5 42. Ra3 Kf5 43. Rc3 Kf4 44. c5 {Byzantine resigns} 1-0